| 000 -LEADER |
| fixed length control field |
01155nam a22003857a 4500 |
| 001 - CONTROL NUMBER |
| control field |
jssz2zdfgt4fw05t |
| 003 - CONTROL NUMBER IDENTIFIER |
| control field |
LIBRIS |
| 005 - DATE AND TIME OF LATEST TRANSACTION |
| control field |
20241031113846.0 |
| 008 - FIXED-LENGTH DATA ELEMENTS--GENERAL INFORMATION |
| fixed length control field |
181003s2019 xx |||||||||||000 0|eng|d |
| 020 ## - INTERNATIONAL STANDARD BOOK NUMBER |
| International Standard Book Number |
9780323479097 |
| Qualifying information |
inbunden |
| 035 ## - SYSTEM CONTROL NUMBER |
| System control number |
(BOKR)9780323479097 |
| 040 ## - CATALOGING SOURCE |
| Original cataloging agency |
BOKR |
| Description conventions |
i |
| Transcribing agency |
DLC |
| 041 ## - LANGUAGE CODE |
| Language code of text/sound track or separate title |
eng |
| 080 ## - UNIVERSAL DECIMAL CLASSIFICATION NUMBER |
| Universal Decimal Classification number |
616.6 |
| Item number |
C-73 |
| 100 1# - MAIN ENTRY--PERSONAL NAME |
| Personal name |
Tonelli, Marcello |
| Relationship |
aut |
| 245 10 - TITLE STATEMENT |
| Title |
Comprehensive clinical nephrology |
| 250 ## - EDITION STATEMENT |
| Edition statement |
6th edition |
| 260 ## - PUBLICATION, DISTRIBUTION, ETC. |
| Name of publisher, distributor, etc. |
Elsevier - Health Sciences Div, |
| Date of publication, distribution, etc. |
2019 |
| 263 ## - PROJECTED PUBLICATION DATE |
| Projected publication date |
201808 |
| 300 ## - PHYSICAL DESCRIPTION |
| Extent |
1333 sidor |
| Dimensions |
ill |
| 336 ## - CONTENT TYPE |
| Content type code |
txt |
| Source |
rdacontent |
| 337 ## - MEDIA TYPE |
| Media type code |
n |
| Source |
rdamedia |
| 338 ## - CARRIER TYPE |
| Carrier type code |
nc |
| Source |
rdacarrier |
| 340 ## - PHYSICAL MEDIUM |
| Dimensions |
28.4 cm |
| 650 #0 - SUBJECT ADDED ENTRY--TOPICAL TERM |
| 9 (RLIN) |
212 |
| Topical term or geographic name entry element |
nephrologi |
| 653 ## - INDEX TERM--UNCONTROLLED |
| Uncontrolled term |
მედიცინა |
| 653 ## - INDEX TERM--UNCONTROLLED |
| Uncontrolled term |
ნეფროლოგია |
| 655 #4 - INDEX TERM--GENRE/FORM |
| Authority record control number or standard number |
https://id.kb.se/marc/NotFictionNotFurtherSpecified |
| 700 ## - ADDED ENTRY--PERSONAL NAME |
| 9 (RLIN) |
214 |
| Personal name |
Feehally,John |
| 700 ## - ADDED ENTRY--PERSONAL NAME |
| 9 (RLIN) |
215 |
| Personal name |
Floege,Jurgen |
| 700 ## - ADDED ENTRY--PERSONAL NAME |
| 9 (RLIN) |
219 |
| Personal name |
Johnson,J.richard |
| 700 ## - ADDED ENTRY--PERSONAL NAME |
| 9 (RLIN) |
217 |
| Personal name |
Tonelli,Marcello |
| 887 ## - NON-MARC INFORMATION FIELD |
| Content of non-MARC field |
{"@id":"jssz2zdfgt4fw05t","modified":"2018-10-03T14:25:11.103+02:00","checksum":"30304488454"} |
| Source of data |
librisxl |
| 942 ## - ADDED ENTRY ELEMENTS (KOHA) |
| Source of classification or shelving scheme |
|
| Koha item type |
Books |